00200nam a2200073Ia 4500008004100000100001300041245004800054260002400102170817s9999 xx 000 0 und d aTRIPATHI 0aManovigyan Avam Shiksha Mein Shodh Padhvati bH. P. BHARGAVA AGRA